000 02156cam a2200469 i 4500
999 _c3090
_d3090
001 (Sirsi) a1122327
003 OSt
005 20231004114110.0
008 140227r20132011nyuab c 000 1 eng d
010 _a2013404656
020 _a9780545393492
_q(paperback) :
040 _aTOH
_beng
_cDLC
_dTOH
_dYDXCP
_dBTCTA
_dWIM
_dCXP
_dMLY
_dWL8
_dOI6
_dOCP
_dUPZ
_dDAD
_dBDX
_dOCLCO
_dOCLCF
_dOCLCO
_dVP@
_dAA5
_dOCLCO
_dOCLCQ
_dNZIPP
_dGRR
_dIAD
_dOCL
_dBYV
_dCHILD
_dOCLCQ
_dALOPL
_dOCLCO
_dGRC
_dOCLCQ
_dOCLCO
_dYT6
_dKVIJL
_dOCLCQ
_dTAE
_dKH8
_erda
041 1 _aeng
_hita
042 _anbic
082 0 _a853.92 STI
100 1 _aStilton, Geronimo,
_eauthor.
240 1 0 _aIl rap della paura.
_lEnglish.
245 1 0 _aFright night /
_c[text by Geronimo Stilton ; illustrations by Ivan Bigarella and Daria Cerchi ; translated by Lidia Morson Tramontozzi]
264 1 _aNew York :
_bScholastic,
_c[2013]
264 4 _c©2011.
300 _a111 pages :
_bcolor illustrations, color map ;
_c20 cm.
336 _atext
_btxt
_2rdacontent.
337 _aunmediated
_bn
_2rdamedia.
338 _avolume
_bnc
_2rdacarrier.
490 1 _aCreepella von Cacklefur ;
_v5.
520 _a"Creepella's father, Boris von Cacklefur, is a finalist in the Fright Night contest--Gloomeria's prestigious poetry competition. If he can perform the most terrifying rhymes, he will be crowned Fright Night Idol! But midway through the contest, Boris mysteriously disappears. Can Creepella and her friends find him before the final round?"--Page 4 of cover.
521 1 _aAges 7-10.
546 _aTranslated from the Italian.
600 1 0 _aStilton, Geronimo
_vJuvenile fiction.
650 0 _aMice
_vJuvenile fiction.
650 0 _aMissing persons
_vJuvenile fiction.
650 0 _aContests
_vJuvenile fiction.
650 1 _aStilton, Geronimo (Fictitious character)
_vFiction.
650 1 _aMice
_vFiction.
650 1 _aMissing persons
_vFiction.
650 1 _aContests
_vFiction.
700 1 _aBigarella, Ivan,
_d1984-
_eillustrator.
700 1 _aCerchi, Daria,
_eillustrator.
700 1 _aTramontozzi, Lidia Morson,
_etranslator.
830 0 _aCreepella von Cacklefur ;
_v5.
942 _2ddc
_cFIC